[Event "Dutch Open 2015"]
[Site "Dieren NED"]
[Date "2015.07.30"]
[Round "9.5"]
[White "Harff, Marcel"]
[Black "Buckels, Valentin"]
[Result "1/2-1/2"]
[WhiteTitle "FM"]
[WhiteElo "2313"]
[BlackElo "2152"]
[WhiteFideId "24621382"]
[BlackFideId "12942766"]
[EventDate "2015.07.21"]

1. Nf3 Nf6 2. c4 e6 3. g3 d5 4. Bg2 dxc4 5. Na3 a6 6. Nxc4 c5 7. a4 Be7 8. O-O
O-O 9. Nfe5 Nbd7 10. Nxd7 Nxd7 11. d4 cxd4 12. Qxd4 Bf6 13. Qd6 Ne5 14. Qxd8
Rxd8 15. Nb6 Rb8 16. Bf4 g5 17. Bxe5 Bxe5 18. Rad1 Rf8 19. b3 a5 20. Nc4 Bc7 21.
Na3 b6 22. Nb5 Bd8 23. f4 Ba6 24. f5 Bxb5 25. axb5 Be7 26. Bc6 Bc5+ 27. Kg2 Rbd8
28. Bd7 exf5 29. Rxf5 f6 30. Kf3 Rf7 31. Rfd5 Kg7 32. e4 Re7 33. h4 gxh4 34.
gxh4 Ra8 35. R1d2 a4 36. Bc6 Raa7 37. Rxc5 bxc5 38. b6 Ra6 39. b7 Rb6 40. bxa4
Rexb7 41. Bxb7 Rxb7 42. Rc2 Ra7 1/2-1/2

[Event "Dutch Open 2015"]
[Site "Dieren NED"]
[Date "2015.07.30"]
[Round "9.6"]
[White "Haslinger, Stewart G"]
[Black "Vereggen, Lars"]
[Result "1-0"]
[WhiteTitle "GM"]
[BlackTitle "FM"]
[WhiteElo "2526"]
[BlackElo "2314"]
[WhiteFideId "405248"]
[BlackFideId "1029258"]
[EventDate "2015.07.21"]

1. e4 g6 2. d4 Bg7 3. Nc3 a6 4. Be3 b5 5. Nf3 Bb7 6. Bd3 Nf6 7. e5 Nd5 8. Nxd5
Bxd5 9. a4 c6 10. h4 d6 11. h5 Nd7 12. h6 Bf8 13. O-O e6 14. axb5 axb5 15. Rxa8
Qxa8 16. Bf4 Bxf3 17. Qxf3 d5 18. Qg3 Be7 19. Be3 O-O 20. f4 Qe8 21. Ra1 Bd8 22.
f5 Kh8 23. Ra8 Qe7 24. c3 Rg8 25. f6 Qe8 26. Qe1 Nb6 27. Ra7 Nc8 28. Rb7 Rf8 29.
Qa1 Bb6 30. Qa6 Qd8 31. Kf1 Kg8 32. Ke2 Re8 33. Bc1 Rf8 34. Bg5 Re8 35. Bxg6
hxg6 36. h7+ 1-0

[Event "Dutch Open 2015"]
[Site "Dieren NED"]
[Date "2015.07.30"]
[Round "9.7"]
[White "Kolbus, Dietmar"]
[Black "Zwirs, Nico"]
[Result "0-1"]
[WhiteTitle "IM"]
[WhiteElo "2309"]
[BlackElo "2346"]
[WhiteFideId "4610628"]
[BlackFideId "1036432"]
[EventDate "2015.07.21"]

1. d4 Nf6 2. c4 e6 3. Nc3 Bb4 4. Qc2 O-O 5. Nf3 b6 6. Bg5 h6 7. Bxf6 Qxf6 8. e3
Bb7 9. Be2 Re8 10. O-O Bf8 11. Ne5 d6 12. Bf3 c6 13. Nd3 e5 14. d5 c5 15. e4 g6
16. Bg4 Qe7 17. Bh3 Nd7 18. Bxd7 Qxd7 19. a4 a6 20. Rfb1 a5 21. Qe2 Bg7 22. Kf1
Ba6 23. b3 Re7 24. Ke1 Rf8 25. Kd1 f5 26. Kc2 Qd8 27. Rh1 Bc8 28. Rae1 Qe8 29.
f3 h5 30. h4 f4 31. Nb5 Qd8 32. Rh2 Bf6 33. Reh1 Rg7 34. Qf2 Qe7 35. Kd1 Kf7 36.
Kc2 Ke8 37. Kd1 Kd8 38. Kc2 Ba6 39. Kd2 Kc8 40. Kc2 Kd8 41. Kd2 Ke8 42. Kd1 Kf7
43. Kc2 Kg8 44. Kd1 Kh7 45. Qd2 Ra8 46. Nc3 Bc8 47. Nb5 Ba6 48. Nc3 Rh8 49. Nb5
Kg8 50. Qf2 Bc8 51. Nc3 Rgh7 52. Kc2 g5 53. hxg5 Bxg5 54. Ne2 h4 55. Qf1 Bf6 56.
Kd2 Kf8 57. Kc2 Rg8 58. Ne1 Ke8 59. Kd1 Kd8 60. Nd3 Kc7 61. Kc2 Kb8 62. Kb1 Rhg7
63. Kc2 Rg6 64. Ne1 Qg7 65. Kd1 Qa7 66. Kc2 Qh7 67. Nd3 Qh5 68. Ne1 h3 69. gxh3
Bh4 70. Kd1 Bg3 71. Nxg3 fxg3 72. Rd2 Rh8 73. h4 Rf8 74. Kc2 Rf4 75. Rg1 Rxh4
76. Ng2 Rh2 77. Qd1 Qh6 78. Qe1 Rf6 79. Ne3 Rxf3 80. Rxg3 Rh1 81. Qxh1 Qxh1 82.
Rxf3 Qxf3 83. Kd3 Bf5 84. exf5 e4+ 85. Kc2 Qxe3 86. f6 Qf3 87. f7 Qxf7 88. Re2
Qf3 89. Kd2 Qd3+ 90. Ke1 e3 0-1

[Event "Dutch Open 2015"]
[Site "Dieren NED"]
[Date "2015.07.30"]
[Round "9.8"]
[White "Miedema, David"]
[Black "Kollen, Zyon"]
[Result "1/2-1/2"]
[WhiteTitle "IM"]
[WhiteElo "2356"]
[BlackElo "2220"]
[WhiteFideId "1018477"]
[BlackFideId "1024256"]
[EventDate "2015.07.21"]

1. c4 e6 2. g3 Nf6 3. Bg2 d5 4. Nf3 Be7 5. O-O O-O 6. d4 dxc4 7. Qc2 a6 8. Qxc4
b5 9. Qc2 Bb7 10. Bf4 Nc6 11. Rd1 Nb4 12. Qc1 Qc8 13. a3 Nbd5 14. b4 a5 15. bxa5
Nxf4 16. gxf4 Rxa5 17. Nbd2 Qa8 18. Nb3 Rxa3 19. Qxc7 Nd5 20. Rxa3 Bxa3 21. Qe5
Qa4 22. Nfd2 Be7 23. Ra1 Qb4 24. Ra7 Bd6 25. Qe4 Bxf4 26. Rxb7 Bxd2 27. Qd3 Bf4
28. Bxd5 exd5 29. Rxb5 Qe1+ 30. Kg2 Bxh2 31. Kxh2 Qxf2+ 32. Kh3 Qf1+ 33. Kg3
Qg1+ 34. Kf3 Re8 35. Nd2 g5 36. e4 dxe4+ 37. Nxe4 Qh1+ 38. Ke3 Qe1+ 39. Kf3 g4+
40. Kf4 Rxe4+ 41. Qxe4 Qf1+ 42. Kxg4 Qxb5 43. d5 Qd7+ 44. Kf4 f6 45. d6 Qxd6+
46. Kf5 Kf7 47. Qb7+ Ke8 48. Qa8+ Qd8 49. Qxd8+ 1/2-1/2

[Event "Dutch Open 2015"]
[Site "Dieren NED"]
[Date "2015.07.30"]
[Round "9.9"]
[White "Goudriaan, Etienne"]
[Black "Van Osch, Mees"]
[Result "0-1"]
[WhiteTitle "IM"]
[WhiteElo "2376"]
[BlackElo "2264"]
[WhiteFideId "1021150"]
[BlackFideId "1035967"]
[EventDate "2015.07.21"]

1. d4 e6 2. Nf3 Nf6 3. c4 Bb4+ 4. Nbd2 c5 5. a3 Bxd2+ 6. Qxd2 cxd4 7. g3 Qc7 8.
Qxd4 Nc6 9. Qc3 d6 10. Bg5 e5 11. Bxf6 gxf6 12. Bg2 Be6 13. O-O O-O 14. Rac1
Rac8 15. b4 Rfd8 16. Nd2 Nd4 17. Rfe1 d5 18. e3 Nb5 19. Qa1 dxc4 20. Ne4 Qe7 21.
f4 f5 22. Qxe5 fxe4 23. Qxb5 f5 24. g4 Rd5 25. Qa4 b5 26. Qc2 Rd3 27. Kh1 Rcd8
28. gxf5 Bxf5 29. Rg1 Kf7 30. a4 a6 31. axb5 axb5 32. Qf2 Rd2 33. Qg3 Rg8 34.
Qe1 Qd7 35. Qh4 Rgxg2 36. Rxg2 Rxg2 37. Qh5+ Bg6 38. Rd1 Bxh5 39. Rxd7+ Ke6 40.
Rxh7 Bf3 41. Rh3 Rg3# 0-1

[Event "Dutch Open 2015"]
[Site "Dieren NED"]
[Date "2015.07.30"]
[Round "9.10"]
[White "Ypma, Peter"]
[Black "Beukema, Stefan"]
[Result "1-0"]
[BlackTitle "FM"]
[WhiteElo "2246"]
[BlackElo "2363"]
[WhiteFideId "1027255"]
[BlackFideId "1024523"]
[EventDate "2015.07.21"]

1. g3 f5 2. e4 fxe4 3. d3 exd3 4. Bxd3 Nf6 5. g4 g6 6. g5 Nh5 7. Ne2 d5 8. Ng3
Nxg3 9. hxg3 Qd6 10. Nc3 c6 11. Bf4 e5 12. Qe2 Bg7 13. O-O-O Bf5 14. Bxf5 gxf5
15. Rh6 Qe7 16. Qh5+ Kd8 17. Re1 Nd7 18. Rxh7 Rxh7 19. Qxh7 d4 20. Nd1 Qf8 21.
Bd2 Kc7 22. Kb1 Qf7 23. Qh1 Rh8 24. Qg2 Qh5 25. c3 Nc5 26. g4 fxg4 27. cxd4 Qg6+
28. Ka1 Qc2 29. Ne3 Qxd2 30. Rd1 Nb3+ 31. axb3 Qa5+ 32. Kb1 exd4 33. Qxg4 dxe3
34. Qd7+ Kb6 35. Qxg7 e2 36. Qd4+ Qc5 37. Qxc5+ Kxc5 38. Re1 Rg8 39. f4 Rf8 40.
Rxe2 Rxf4 41. Re7 Kb6 42. g6 Rg4 43. g7 a5 44. Kc2 Ka6 45. Rc7 Kb6 46. Rf7 c5
47. Kd3 Kc6 48. Ke3 b5 49. Kf3 Rg1 50. Ke4 c4 51. bxc4 bxc4 52. Kf5 Kb5 53. Kf6
a4 54. Rb7+ Kc5 55. Kf7 c3 56. bxc3 Kc4 57. Rc7+ Kb3 58. g8=Q Rxg8 59. Kxg8 a3
60. c4 a2 61. Ra7 1-0

[Event "Dutch Open 2015"]
[Site "Dieren NED"]
[Date "2015.07.30"]
[Round "9.11"]
[White "Lecomte, Robin"]
[Black "Yogesh, Gautam"]
[Result "1-0"]
[WhiteElo "2331"]
[BlackElo "2178"]
[WhiteFideId "1037170"]
[BlackFideId "5009324"]
[EventDate "2015.07.21"]

1. Nf3 e6 2. c4 f5 3. Nc3 Nf6 4. g3 d5 5. d4 Be7 6. Bg2 O-O 7. O-O c6 8. Qc2 Qe8
9. Rb1 Qh5 10. b4 Ne4 11. b5 g5 12. bxc6 bxc6 13. Ne5 Bd6 14. Nxe4 fxe4 15. f3
Bxe5 16. dxe5 exf3 17. Rxf3 Rxf3 18. Bxf3 g4 19. Bg2 Ba6 20. cxd5 exd5 21. Qc5
Qg6 22. Rb4 Qe6 23. Qd6 Qxd6 24. exd6 h5 25. h3 Kf7 26. hxg4 hxg4 27. Rxg4 Nd7
28. Bb2 Rg8 29. Rxg8 Kxg8 30. Bh3 Bc8 31. Be6+ Kf8 32. Bd4 a6 33. a4 Ke8 34. a5
c5 35. Bb2 Bb7 36. Ba3 c4 37. Kf2 Nf8 38. Bf5 Bc6 39. Ke3 Bd7 40. g4 Ne6 41. Bb2
Kf7 42. g5 Ke8 43. g6 Kf8 44. Be5 Ke8 45. Kd2 d4 46. Kc1 Bc8 47. Kb2 c3+ 48. Kc2
Bd7 49. g7 Kf7 50. Bxe6+ Bxe6 51. Bxd4 Ke8 52. Kxc3 Kd7 53. Bc5 Bg8 54. Kd4 Kc6
55. Ba3 Bf7 56. e3 Bg8 57. Ke5 Kd7 58. Bb4 Bf7 59. Be1 Bg8 60. Bg3 Bf7 61. Kd4
Kc6 62. d7 Kxd7 63. Kc5 Bg8 64. Kb6 Bc4 65. Bf4 Ke7 66. Kc5 Bg8 67. Bg5+ Kd7 68.
e4 Kc7 69. Bf4+ Kd7 70. Kb6 Bc4 71. Bg5 Kd6 72. Bf4+ Kd7 73. Kc5 Bb3 74. Bg5 Bg8
75. Kb6 Bc4 76. e5 Ke8 77. Kc5 Bb3 78. Kd6 Kf7 79. Bf6 Ke8 80. Bg5 Bg8 81. Bh6
Bf7 82. e6 Bg8 83. Bc1 Bh7 84. Bb2 Bg8 85. e7 Be6 86. Bf6 Bf7 87. Kc7 Bg8 88.
Kb6 Bc4 89. g8=Q+ Bxg8 90. Kxa6 Kd7 91. Kb6 Bd5 92. a6 Bf7 93. Kb7 Bd5+ 94. Kb8
Ke8 1-0

[Event "Dutch Open 2015"]
[Site "Dieren NED"]
[Date "2015.07.30"]
[Round "9.12"]
[White "Foisor, Sabina-Francesca"]
[Black "Beerdsen, Thomas"]
[Result "1-0"]
[WhiteTitle "WGM"]
[BlackTitle "FM"]
[WhiteElo "2202"]
[BlackElo "2317"]
[WhiteFideId "1212915"]
[BlackFideId "1030108"]
[EventDate "2015.07.21"]

1. d4 Nf6 2. Bf4 e6 3. e3 c5 4. Nf3 Nc6 5. c3 Be7 6. Nbd2 Nh5 7. Bg3 d5 8. Bd3
Nxg3 9. hxg3 h6 10. g4 Bf6 11. Bb5 O-O 12. Qc2 cxd4 13. exd4 e5 14. Bxc6 bxc6
15. dxe5 Bg5 16. Qa4 Bxd2+ 17. Nxd2 Qg5 18. Nf3 Qxg4 19. Rh4 Qg6 20. O-O-O Bf5
21. Qf4 c5 22. Rdh1 Bb1 23. Ne1 Qh7 24. Rxh6 gxh6 25. Rxh6 Qg7 26. Kxb1 Rae8 27.
Nf3 Re6 28. Rh3 Rg6 29. Nh4 Rg4 30. Nf5 1-0

[Event "Dutch Open 2015"]
[Site "Dieren NED"]
[Date "2015.07.30"]
[Round "9.13"]
[White "Van Foreest, Lucas"]
[Black "Van Helvoort, Rob"]
[Result "1-0"]
[WhiteElo "2294"]
[BlackElo "2130"]
[WhiteFideId "1039792"]
[BlackFideId "1005596"]
[EventDate "2015.07.21"]

1. e4 c5 2. Nf3 Nc6 3. Bb5 g6 4. Bxc6 bxc6 5. O-O Bg7 6. Re1 Nh6 7. c3 O-O 8. d4
cxd4 9. cxd4 f6 10. Nc3 Rb8 11. Bf4 d6 12. Rb1 g5 13. Bc1 Nf7 14. Qc2 Bg4 15.
Nd2 d5 16. Nb3 Qd6 17. f3 Bh5 18. Be3 Bg6 19. Qe2 e6 20. Bf2 Rb4 21. Rbc1 Nd8
22. Qd2 dxe4 23. Nxe4 Bxe4 24. Rxe4 f5 25. Re2 f4 26. d5 Qxd5 27. Qxb4 1-0

[Event "Dutch Open 2015"]
[Site "Dieren NED"]
[Date "2015.07.30"]
[Round "9.14"]
[White "Boersma, Jan"]
[Black "Hamblok, Roel"]
[Result "0-1"]
[BlackTitle "FM"]
[WhiteElo "2119"]
[BlackElo "2305"]
[WhiteFideId "1003267"]
[BlackFideId "209317"]
[EventDate "2015.07.21"]

1. e4 e5 2. Nc3 Bc5 3. Bc4 Nf6 4. d3 Nc6 5. Nf3 d6 6. h3 h6 7. Be3 Bb6 8. O-O
Be6 9. Bb3 O-O 10. Qd2 Re8 11. Bxe6 fxe6 12. Bxb6 axb6 13. a3 Qd7 14. Rad1 Re7
15. d4 exd4 16. Nxd4 Rf8 17. Qe2 Nxd4 18. Rxd4 e5 19. Rd3 Qe8 20. Nd5 Nxd5 21.
Rxd5 Rf4 22. g3 Qg6 23. Rd2 Rxe4 24. Qd3 Kh7 25. c3 Ra4 26. Qd5 Ra7 27. Re1 Re6
28. Qb3 Ra8 29. Kg2 Rf8 30. Re3 Ref6 31. Qc2 Qxc2 32. Rxc2 b5 33. f3 R8f7 34. h4
Kg6 35. Rd2 c6 36. Rdd3 Re7 37. Re4 d5 38. Rg4+ Kf7 39. Re3 Rf5 40. Rb4 Ke6 41.
Kf2 Kd6 42. Ke2 Ref7 43. Rd3 h5 44. Re3 g5 45. g4 Rf4 46. hxg5 hxg4 47. fxg4
Rf2+ 48. Kd1 e4 49. Re2 Rf1+ 50. Kd2 Rg1 51. Rh2 Rxg4 52. Rh6+ Kc7 53. Rg6 Rf2+
54. Ke3 c5 55. Rf6 Rxf6 56. gxf6 Rg3+ 0-1

[Event "Dutch Open 2015"]
[Site "Dieren NED"]
[Date "2015.07.30"]
[Round "9.15"]
[White "Van der Zon, Stef"]
[Black "Afek, Yochanan"]
[Result "1/2-1/2"]
[BlackTitle "IM"]
[WhiteElo "2003"]
[BlackElo "2273"]
[WhiteFideId "1021451"]
[BlackFideId "2800462"]
[EventDate "2015.07.21"]

1. e4 c5 2. Nf3 Nc6 3. d4 cxd4 4. Nxd4 g6 5. Nc3 Bg7 6. Be3 Nf6 7. Bc4 O-O 8.
Bb3 a5 9. O-O d6 10. f3 Bd7 11. a4 Rc8 12. Kh1 Nxd4 13. Bxd4 Be6 14. Bxe6 fxe6
15. Nb5 Nd7 16. c3 Nc5 17. b4 Na6 18. Qb3 Qd7 19. Rfd1 Bxd4 20. Nxd4 Nc7 21.
Rab1 Kg7 22. Rd2 e5 23. Nc2 Ne6 24. Ne3 axb4 25. Qxb4 Rb8 26. a5 Rfc8 27. Nd5
Rc6 28. Rdb2 Nf4 29. Qb5 Qe8 30. Rb3 1/2-1/2

[Event "Dutch Open 2015"]
[Site "Dieren NED"]
[Date "2015.07.30"]
[Round "9.16"]
[White "Maatman, Nick"]
[Black "Beeke, Bob"]
[Result "1-0"]
[WhiteElo "2266"]
[BlackElo "2247"]
[WhiteFideId "1040391"]
[BlackFideId "1011634"]
[EventDate "2015.07.21"]

1. d4 d5 2. c4 e6 3. Nf3 Nf6 4. Nc3 Be7 5. Bg5 O-O 6. e3 h6 7. Bxf6 Bxf6 8. Qc2
b6 9. cxd5 exd5 10. Rd1 Bb7 11. Be2 Nd7 12. O-O a6 13. b4 Re8 14. Qb3 Nf8 15.
Ne1 Be7 16. a4 Qd6 17. Nd3 Rad8 18. b5 a5 19. Ne5 Qb4 20. Qc2 Qd6 21. Nc6 Bxc6
22. bxc6 Qxc6 23. Bb5 Qb7 24. Bxe8 Rxe8 25. Rb1 Nd7 26. Rfc1 Ba3 27. Rd1 Bb4 28.
Nb5 Rc8 29. Rdc1 Qb8 30. Qc6 Nf6 31. Nxc7 Ba3 32. Rxb6 1-0

[Event "Dutch Open 2015"]
[Site "Dieren NED"]
[Date "2015.07.30"]
[Round "9.17"]
[White "Lentjes, Noud"]
[Black "Schoppen, Casper"]
[Result "0-1"]
[WhiteElo "2116"]
[BlackElo "2215"]
[WhiteFideId "1029827"]
[BlackFideId "1046730"]
[EventDate "2015.07.21"]

1. e4 c5 2. Nf3 d6 3. Bb5+ Bd7 4. Bxd7+ Qxd7 5. O-O Nf6 6. Re1 Nc6 7. c3 e6 8.
b3 Be7 9. Bb2 O-O 10. d4 cxd4 11. cxd4 d5 12. e5 Ne4 13. Nbd2 Nxd2 14. Qxd2 Rfc8
15. Rac1 a5 16. a3 a4 17. b4 Na7 18. Rxc8+ Nxc8 19. Rc1 Nb6 20. Qd3 Nc4 21. Rc2
Rc8 22. Bc1 Rc7 23. h3 Qc8 24. Ne1 Rc6 25. Kh1 Nb6 26. Rxc6 Qxc6 27. Qc2 Qc4 28.
Qxc4 dxc4 29. Kg1 Kf8 30. Nc2 Ke8 31. Kf1 Kd7 32. Ke2 Kc6 33. Bb2 h5 34. g3 h4
35. Ne3 hxg3 36. fxg3 Bg5 37. h4 Bxe3 38. Kxe3 Nd5+ 39. Ke4 Kb5 40. g4 c3 41.
Bc1 Kc4 42. h5 f6 43. h6 gxh6 44. Bxh6 Kb3 45. Kd3 fxe5 46. dxe5 Kxa3 47. g5 Kb2
48. g6 Ne7 0-1

[Event "Dutch Open 2015"]
[Site "Dieren NED"]
[Date "2015.07.30"]
[Round "9.18"]
[White "Beukema, Jasper"]
[Black "Lopez, Jasel"]
[Result "0-1"]
[BlackTitle "FM"]
[WhiteElo "1942"]
[BlackElo "2210"]
[WhiteFideId "1032984"]
[BlackFideId "15900045"]
[EventDate "2015.07.21"]

1. e4 c5 2. Nc3 e6 3. f4 Nc6 4. Nf3 Nge7 5. g3 d5 6. Bg2 g6 7. O-O Bg7 8. e5 O-O
9. Ne2 f6 10. exf6 Bxf6 11. Kh1 b6 12. d4 Nf5 13. c3 Bb7 14. g4 Nd6 15. Be3 Ne4
16. Ne5 Bg7 17. Nxc6 Bxc6 18. Bxe4 dxe4 19. dxc5 Qd3 20. Ng3 Qxe3 21. Qd6 Qxc5
22. Qxe6+ Kh8 23. f5 Rae8 24. Qb3 e3+ 0-1

[Event "Dutch Open 2015"]
[Site "Dieren NED"]
[Date "2015.07.30"]
[Round "9.19"]
[White "Bakker, Guido"]
[Black "Mueer, Sebastian"]
[Result "0-1"]
[WhiteElo "2117"]
[BlackElo "2210"]
[WhiteFideId "1027875"]
[BlackFideId "24622001"]
[EventDate "2015.07.21"]

1. d4 f5 2. c4 Nf6 3. Nc3 e6 4. Bf4 d6 5. e3 Nbd7 6. Nf3 c6 7. Bd3 Qe7 8. e4 e5
9. dxe5 dxe5 10. Bg5 f4 11. O-O h6 12. Bxf6 Qxf6 13. a3 Nc5 14. b4 Ne6 15. c5
Be7 16. Bc4 O-O 17. Qb3 Kh8 18. Ne2 Bd8 19. Rad1 Bc7 20. Rd3 g5 21. Rfd1 g4 22.
Nh4 f3 23. Nxf3 gxf3 24. Rxf3 Nf4 25. h3 b5 26. cxb6 Bxb6 27. Qc3 Qg7 28. Ng3 h5
29. Bf1 h4 30. Rd6 hxg3 31. Rxg3 Bxf2+ 32. Kxf2 Nd5+ 33. Qf3 Rxf3+ 34. gxf3 Qf8
35. Rdg6 Nf6 36. R3g5 Nxe4+ 0-1

[Event "Dutch Open 2015"]
[Site "Dieren NED"]
[Date "2015.07.30"]
[Round "9.20"]
[White "Bus, Tom"]
[Black "Keetman, Maaike"]
[Result "1-0"]
[WhiteElo "2153"]
[BlackElo "2095"]
[WhiteFideId "1014374"]
[BlackFideId "1033697"]
[EventDate "2015.07.21"]

1. Nf3 Nf6 2. g3 g6 3. Bg2 Bg7 4. c4 O-O 5. Nc3 d6 6. O-O Nc6 7. d4 a6 8. d5 Na5
9. Nd2 c5 10. Qc2 Rb8 11. b3 b5 12. Rb1 Nd7 13. Bb2 Qc7 14. Nd1 Bxb2 15. Nxb2
Nb6 16. Qc3 Nb7 17. e4 Bd7 18. Rfe1 bxc4 19. bxc4 Na4 20. Nxa4 Bxa4 21. e5 Na5
22. Rxb8 Rxb8 23. exd6 exd6 24. Ne4 Rb4 25. Nf6+ Kf8 26. Nd7+ Qxd7 27. Qh8# 1-0